000 00678cam a22002293a 4500
001 13867
003 PGUSA
005 20140828083310.0
008 041025s2004||||xxu|||||s|||||000 | eng d
040 _aPGUSA
_beng
042 _adc
050 4 _aF3051
100 1 _aWright, Marie Robinson,
_d1866-1914
245 1 0 _aKijkjes in een mooi werk over Chili :
_bDe Aarde en haar Volken, 1906
_h[electronic resource] /
_cMarie Robinson Wright
260 _bProject Gutenberg,
_c2004
506 _aPublic domain in the USA.
516 _aElectronic text
653 _aChile
830 0 _aProject Gutenberg
_v13867
856 4 0 _uhttp://www.gutenberg.org/ebooks/13867
942 _cEB
999 _c243122
_d243122